Essentials Of Biomedical Instruments And Techniques / (Record no. 478207)

000 -LEADER
fixed length control field 00487nam a22001697a 4500
005 - DATE AND TIME OF LATEST TRANSACTION
control field 20210914120718.0
008 - FIXED-LENGTH DATA ELEMENTS--GENERAL INFORMATION
fixed length control field 180411b ||||| |||| 00| 0 eng d
020 ## - INTERNATIONAL STANDARD BOOK NUMBER
International Standard Book Number 9788174733689
040 ## - CATALOGING SOURCE
Transcribing agency c
082 ## - DEWEY DECIMAL CLASSIFICATION NUMBER
Classification number 610.28 DAT
100 ## - MAIN ENTRY--PERSONAL NAME
Personal name Datta ,Chandrani Sanyal
9 (RLIN) 7319
245 ## - TITLE STATEMENT
Title Essentials Of Biomedical Instruments And Techniques /
Statement of responsibility, etc. Chandrani Sanyal Datta
260 ## - PUBLICATION, DISTRIBUTION, ETC.
Place of publication, distribution, etc. New Delhi :
Name of publisher, distributor, etc. A.I.T.B.S.
Date of publication, distribution, etc. 2008.
300 ## - PHYSICAL DESCRIPTION
Extent 100 p. ;
Dimensions 24 cm.
500 ## - GENERAL NOTE
General note Paperback.
942 ## - ADDED ENTRY ELEMENTS (KOHA)
Source of classification or shelving scheme
Koha item type Book
Holdings
Withdrawn status Lost status Source of classification or shelving scheme Damaged status Not for loan Permanent Location Current Location Shelving location Date acquired Total Checkouts Full call number Barcode Date last seen Date last checked out Price effective from Koha item type Public note
          School of Mechanical & Manufacturing Engineering (SMME) School of Mechanical & Manufacturing Engineering (SMME) General Stacks 04/11/2018 1 610.28 DAT SMME-2905 09/07/2022 08/23/2022 04/11/2018 Book Rack,48-Shelf,3
© 2023 Central Library, National University of Sciences and Technology. All Rights Reserved.